01248cam a2200325 i 45000010008000000030009000080050017000170080041000340200015000750200018000900400038001080820019001461000050001652450113002152640036003283000041003643360026004053370028004313380027004594900028004865040041005146500010005556510075005656530022006406550024006627000047006869420012007339990017007459520160007623184572EG-ScBUE20220102112111.0760802s1985 enka f b 000 0 eng d a0140431039 a9780140431032 aDLCbengerdacDLCdDLCdEG-ScBUE04a823.8222bDIC1 aDickens, Charles,d1812-1870,eauthor.92987110aSelected short fiction /c[by] Charles Dickens ; edited with an introduction and notes by Deborah A. Thomas. 1aLondon :bPenguin Books,c1985. a432 pages :billustrations ;c18 cm. 2rdacontentatextbtxt 2rdamediaaunmediatedbn 2rdacarrieravolumebnc0 aPenguin English library aIncludes bibliographical references. 2BUEsh 7aEnglandxSocial life and customsy19th centuryvFiction.2BUEsh929873 cMay2011bHHUUEENN vReading book9342321 aThomas, Deborah A.,d1943-eeditor.929874 2ddccBB c16721d16721 00102ddc40708BaccahaMAINbMAINc2NDd2012-05-08epurchaseg115.00h15016l4m37o823.8 DICp000026757r2025-07-15 00:00:00s2023-02-19w2012-05-08yBB